skbl

Dr Suryya Kumar Bhuyan Library Web-OPAC
ডঃ সূৰ্য্য
কুমাৰ ভূঞা পুথিভঁৰাল ৱেব-অ'পেক

All Research Scholars are advised to clear the annual library fees to continue using Library Resources, Remote Access, Plagiarism Test and Library Clearance.

Cotton University Book Fair 2026

Inorganic Chemistry for Competitions (Record no. 65450)

MARC details
000 -LEADER
fixed length control field 00546nam a2200193Ia 4500
001 - CONTROL NUMBER
control field 64350
008 - FIXED-LENGTH DATA ELEMENTS--GENERAL INFORMATION
fixed length control field 210304n ii |||gr||||Z||||||465
082 ## - DEWEY DECIMAL CLASSIFICATION NUMBER
Classification number 540
100 ## - MAIN ENTRY--PERSONAL NAME
Personal name Tandon.
245 #0 - TITLE STATEMENT
Title Inorganic Chemistry for Competitions
Statement of responsibility, etc. By O P Tandon
Medium Textual Documents
250 ## - EDITION STATEMENT
Edition statement Thoroughly Rev Edn.
260 ## - PUBLICATION, DISTRIBUTION, ETC.
Place of publication, distribution, etc. Delhi:
Name of publisher, distributor, etc. G.R Bathla Publication.
300 ## - PHYSICAL DESCRIPTION
Extent 1048pg:
Dimensions 35cm.
653 ## - INDEX TERM--UNCONTROLLED
Uncontrolled term Chemistry
653 ## - INDEX TERM--UNCONTROLLED
Uncontrolled term Inorganic Chemistry for Competitions
653 ## - INDEX TERM--UNCONTROLLED
Uncontrolled term Reference --Reading Room
653 ## - INDEX TERM--UNCONTROLLED
Uncontrolled term General Section
942 ## - ADDED ENTRY ELEMENTS (KOHA)
Source of classification or shelving scheme Dewey Decimal Classification
Koha item type Books
Holdings
Withdrawn status Lost status Damaged status Not for loan Collection Home library Current library Shelving location Date acquired Coded location qualifier Total checkouts Full call number Barcode Date last seen Copy number Price effective from Koha item type
          Dr. Suryya Kumar Bhuyan Library Dr. Suryya Kumar Bhuyan Library   04/03/2021 00000   540 Ta 155 In 6170/gift 14/01/2024 1 04/03/2021 Books

Designed and Maintained by Team SKBL
©1901-2026

Powered by Koha